000 00602cam a2200193 4500
001 5046
005 20181127174649.0
008 051121s2005 caua b 001 0 eng d
010 _a 2004447872
020 _a9780007328109
100 1 _aBatchelor, Matthew.
245 1 4 _aProject management secrets :
_c
_bthe experts tell all! /
_cMatthew Batchelor.
260 _aLondon :
_bHarperCollins Pub.,
_c2010.
300 _a127 p. :
_bill. ;
_c22 cm.
504 _aIncludes bibliographical references and index.
650 0 _aLeadership.
650 0 _aProject management.
999 _c4216
_d4216